Normal view
MARC view
Entry Personal Name
001 - CONTROL NUMBER
- control field: 767144
003 - CONTROL NUMBER IDENTIFIER
- control field: OSt
005 - DATE AND TIME OF LATEST TRANSACTION
- control field: 20250508155611.0
008 - FIXED-LENGTH DATA ELEMENTS
- fixed length control field: 250508|| aca||aabn | a|a d
040 ## - CATALOGING SOURCE
- Original cataloging agency: OSt
- Transcribing agency: OSt
100 ## - HEADING--PERSONAL NAME
- Personal name: Bedi Brij Bhushan Singh
670 ## - SOURCE DATA FOUND
- Source citation: Work cat.: (OSt)1358143: Bedi Brij Bhushan Singh, Study of development of educational administration in India, at the central level from 1813 to 1947, 1968
